Представление документа в формате RUSMARC

ПолеНазваниеЗначение
  Тип записи a
  Библиографический уровень a
001 Контрольный номер RU/CBS_UL/BASE/a35e8aa479824b2da674aa4a96e4478e
005 Дата корректировки 20251223174325.7
100 Данные общей обработки __
a Данные общей обработки 20251223 ||| 0rusy0189 ca
101 Язык документа 0_
a Язык текста rus
102 Страна публикации __
a Страна публикации RU
200 Заглавие и сведения об ответственности 1_
a Заглавие Будни чёрного рынка
e Сведения, относящиеся к заглавию [торговля в СССР]
f Первые сведения об ответственности М. Ромашко
300 Общие примечания __
a Общие примечания 16+
461 Уровень набора _0
1 2000
a Тайны СССР
463 Уровень физической единицы _0
1 2000
a № 23
v С. 2-3 : фото
1 2101
d 2025
1 001RU/CBS_UL/BASE/8feb08dddd034f3eb7f6a8582c10e4ec
606 Тематические рубрики 0_
a Основная рубрика Торговля - СССР
610 Ключевые слова 0_
a Ключевые слова торговля
610 Ключевые слова 0_
a Ключевые слова советская торговля
610 Ключевые слова 0_
a Ключевые слова торговля в СССР
610 Ключевые слова 0_
a Ключевые слова дефицит товаров в СССР
610 Ключевые слова 0_
a Ключевые слова рынки в СССР
610 Ключевые слова 0_
a Ключевые слова советские рынки
610 Ключевые слова 0_
a Ключевые слова рынки советские
610 Ключевые слова 0_
a Ключевые слова частная торговля в СССР
686 Индексы других классификаций __
2 Код системы rubbk
a Классификационный индекс 65.422
700 Автор _1
a Фамилия Ромашко
b Имя (инициалы) М.
801 Источник записи _0
a Страна RU
b Организация МБУК ЦБС г. Ульяновска
c Дата составления 20251223
g Правила каталогизации RCR
801 Источник записи _1
a Страна RU
b Организация МБУК ЦБС г. Ульяновска
c Дата составления 20251223
g Правила каталогизации RCR
901 Тип документа __
t Тип документа b
w Контрольный № источника RU/CBS_UL/BASE/8feb08dddd034f3eb7f6a8582c10e4ec
909 Создатель записи __
a Создатель записи lib2